000 06471ncm0a2200649 4500
001 RU\NLR\ONIZ\306048
005 20251130043237.0
010 _a978-5-98450-845-2
021 _aRU
_b2024-000168
_92024-НО-П-15
035 _a(NLR Aleph) 022672211
090 _a13470828
_c13470828
100 _a20250206d2024 u y0rusy50 ca
101 0 _arus
102 _aRU
145 0 _aa
200 1 _aХранители традиций. Сборник песен Летнего берега Белого моря
_bНоты
_eв рамках реализации проекта "Культурный десант "Хранители традиций"
_fЛ. Суранова
203 _aМузыка
_bзнаковая
_bвизуальная
_cнепосредственная
210 _aАрхангельск
_cКИРА
_d2024
215 _a47, [1] с.
_cил.
_d28 см
300 _aОт автора: с. 4-6
313 _aСистематизация документа проведена по изданию - Методика классифицирования музыкальных произведений (нотных изданий) по таблицам Библиотечно-библиографических классификаций : метод. рекомендации / Гос. б-ка СССР им. В.И. Ленина.- М., 1977. Индексу ББК методических рекомендаций присваивается код ББК для научных библиотек - LBC/SL
327 1 _a1. Гости дорогие : (Приветствие) ;
_a2. Ожиданьице : "Раскачу катушку ниток..." ;
_a3. Карман ваты : припевки под язык ;
_a4. Ой ты, море-морюшко ;
_a5. Улица ;
_a6. Отчево хмелёк завёлся ;
_a7. Сарафан с косой оборочкой : "У моей у милой любушки..." ;
_a8. Ай, у нашего соседа во собраньице беседа ;
_a9. Лучше бы я, девушка, у батюшки жила ;
_a10. Уж ты, мать, ты, мать, ты моя ;
_a11. Кругом, кругом завилася во саду дорожка ;
_a12. Вдоль по морю ;
_a13. На руцью-то на медленном ;
_a14. У Иванова двора ;
_a15. Уж как свату-то большому ;
_a16. Брала, брала ягодку земляничку ;
_a17. Кто у нас во горнице холост, не жонат ;
_a18. Сидела Катюшенька ;
_a19. Отдавали молоду да во семеюшку большу ;
_a20. Как по нашему бережку
464 0 _12001#$aГости дорогие$e(Приветствие)
_1215##$aС.7
_tГости дорогие
464 0 _12001#$aОжиданьице$e"Раскачу катушку ниток..."
_1215##$aС.8
_tОжиданьице
464 0 _12001#$aКарман ваты$eприпевки под язык
_1215##$aС.9-11
_tКарман ваты
464 0 _12001#$aОй ты, море-морюшко
_1215##$aС.12-13
_tОй ты, море-морюшко
464 0 _12001#$aУлица
_1215##$aС.14-15
_tУлица
464 0 _12001#$aОтчево хмелёк завёлся
_1215##$aС.16-17
_tОтчево хмелёк завёлся
464 0 _12001#$aСарафан с косой оборочкой$e"У моей у милой любушки..."
_1215##$aС.18-19
_tСарафан с косой оборочкой
464 0 _12001#$aАй, у нашего соседа во собраньице беседа
_1215##$aС.20-21
_tАй, у нашего соседа во собраньице беседа
464 0 _12001#$aЛучше бы я, девушка, у батюшки жила
_1215##$aС.22-23
_tЛучше бы я, девушка, у батюшки жила
464 0 _12001#$aУж ты, мать, ты, мать, ты моя
_1215##$aС.24-25
_tУж ты, мать, ты, мать, ты моя
464 0 _12001#$aКругом, кругом завилася во саду дорожка
_1215##$aС.26-27
_tКругом, кругом завилася во саду дорожка
464 0 _12001#$aВдоль по морю
_1215##$aС.28-29
_tВдоль по морю
464 0 _12001#$aНа руцью-то на медленном
_1215##$aС.30-31
_tНа руцью-то на медленном
464 0 _12001#$aУ Иванова двора
_1215##$aС.32-33
_tУ Иванова двора
464 0 _12001#$aУж как свату-то большому
_1215##$aС.34-35
_tУж как свату-то большому
464 0 _12001#$aБрала, брала ягодку земляничку
_1215##$aС.36-37
_tБрала, брала ягодку земляничку
464 0 _12001#$aКто у нас во горнице холост, не жонат
_1215##$aС.38-40
_tКто у нас во горнице холост, не жонат
464 0 _12001#$aСидела Катюшенька
_1215##$aС.42-43
_tСидела Катюшенька
464 0 _12001#$aОтдавали молоду да во семеюшку большу
_1215##$aС.44-45
_tОтдавали молоду да во семеюшку большу
464 0 _12001#$aКак по нашему бережку
_1215##$aС.46
_tКак по нашему бережку
606 1 _aРусский фольклор
_yАрхангельская область
_jНоты
_2nlr_sh
686 0 _aЩ92(2Р=Р)-411 Архангельская область
702 1 _9z01790
_aСуранова
_bЛ. А.
_f2-я пол. 20 в.-
_gЛюдмила Алексеевна
_4070
_4220
_7ca
712 0 2 _aПриморский мкниципальный округ Архангельской области, Управление культуры Приморского муниципального округа Архангельской области
_4570
_7ba
712 0 2 _aОбъединение культуры Приморского округа
_4570
_7ba
790 1 _9z01702
_aSuranova
_bL. A.
_f2-я пол. 20 в.-
_gLjudmila Alekseevna
_4070
_4220
_7ba
801 0 _aRU
_bNLR
_c20250206
_gPSBO
801 1 _aRU
_bNLR
_c20250206
_2rusmarc
801 2 _aRU
_bNLR
_c20250422
852 _aNLR
_gМ
_jК-3/32091а
_mМОЭ 47902
_t2
852 _aNLR
_gМ
_jК-3/32091
_mМОЭ 47901
_t1
942 _cSCORE
980 _aONIZ
980 _aNB